Databázová podpora pomocného editora diagramov pre SE = Database support for additive editor of diagrams for SE : Diplomová práca /

Guardado en:
Detalles Bibliográficos
Autor principal: Šmilňák, Pavol (Autor)
Otros Autores: Galbavý, Miroslav (Orientador)
Formato: Manuscrito Libro
Publicado: Bratislava : STU v Bratislave FEI, 1997
Materias:
Etiquetas: Agregar Etiqueta
Sin Etiquetas, Sea el primero en etiquetar este registro!

MARC

LEADER 00000ntm a22000003a 4500
001 stu9992
005 20160719164945.6
008 970707s1997----------------------------d
040 |a STU  |b slo 
041 0
100 1 |a Šmilňák, Pavol  |4 aut 
245 1 |a Databázová podpora pomocného editora diagramov pre SE = Database support for additive editor of diagrams for SE :  |b Diplomová práca /  |c [aut.] řmilňák,Pavol; Škol. Galbavý,Miroslav 
260 |a Bratislava :  |b STU v Bratislave FEI,  |c 1997 
300 |a 73 :  |b príl.29 s +  |c disketa 
650 7 |a informatika  |2 stusub 
700 1 |a Galbavý, Miroslav  |4 ths  |u E220  |U FEI Fakulta elektrotechniky a informatiky  |T FEI Katedra informatiky a výpočtovej techniky  |U E220  |Y 69 
996 |b EDIPL-5353  |c I*DIPL-5353  |l II680  |s A  |a 24  |w stu9992_0001